El dilema del acero mexicano: apertura o proteccionismo /
Պահպանված է:
| Հիմնական հեղինակ: | |
|---|---|
| Ձևաչափ: | Տեքստ |
| Խորագրեր: | |
| Ցուցիչներ: |
Ավելացրեք ցուցիչ
Չկան պիտակներ, Եղեք առաջինը, ով նշում է այս գրառումը!
|
MARC
| LEADER | 00000 a a2200000 04500 | ||
|---|---|---|---|
| 001 | 45885 | ||
| 003 | |||
| 040 | |||
| 100 | |a Gutiérrez Romero, Elizabeth | ||
| 245 | |a El dilema del acero mexicano: |b apertura o proteccionismo / |c Elizabeth Gutiérrez Romero | ||
| 650 | |a ECONOMIA | ||
| 650 | |a MEXICO | ||
| 650 | |a ACERO | ||
| 773 | |g número67 (1993), páginas 15-18 | ||
| 999 | |c 23615 |d 23615 | ||
